• 首页
  • 本馆介绍
  • 公告通知
  • 最新文献
  • 馆藏检索
  • 电子资源
  • 读者导购
  • 参考咨询
  • 我的图书馆
  • 登录
  • 详细信息显示
  • 放入我的书架
  • 预约/预借图书
  • 作者相关作品
  • 分类相关作品
  • 丛书相关作品
  • 出版社相关作品

书目信息

  • 表格格式
  • 工作单格式
  • 卡片格式
题名:
怎样计算国民生产总值
    
 
作者: ;国民统计局统计科学研究所 编
分册:  
出版信息: 北京   中国统计出版社  1985
页数: 84页
开本: 19cm
丛书名:
单 册:
中图分类: F221
科图分类:
主题词: 经济--计算 , 经济数学--方法
电子资源:
ISBN:
000 00749nam0 2200253 45
001 0185002249
005 20040425110820.2
010    @dCNY0.45
091    @a4006.089
100    @a19900904d1985 em y0chiy0121 ea
101 0  @achi
102    @aCN@b110000
105    @ay z 000yy
106    @ar
200 10 @a怎样计算国民生产总值@Azen yang ji suan guo min sheng chan zong zhi@f国家统计局统计科学研究所编
210    @a北京@c中国统计出版社@d1985
215    @a84页@d19cm
606 0  @a经济@x计算
606 0  @a经济数学@x方法
690    @aF221
711 02 @a国民统计局统计科学研究所@Aguo min tong ji ju tong ji ke xue yan jiu suo@4编
801  0 @aCN@b深圳图书馆@c20040425
801  2 @aCN@bNLC@c20040425
905    @f1@b175118@dF221@e79@b163986@f1
    
    怎样计算国民生产总值/国家统计局统计科学研究所编.-北京:中国统计出版社,1985
    84页;19cm
    
    
    ISBN :CNY0.45
    
●
相关链接 在E读中查询图书 在五车中查询图书 在当当中查询图书 在豆瓣中查询图书


正题名:怎样计算国民生产总值     索取号:F221/79         预约/预借

序号 登录号 条形码 馆藏地/架位号 状态 备注
1 0163986   000206850   第一借阅区/ [索取号:F221/79] 在馆    
2 0163987   000206592   第一样本阅览室/ [索取号:F221/79] 在馆    
3 0175118   000206583   密集书库/ [索取号:F221/79] 在馆    
唐山师范学院图书馆 欢迎您!
大连网信软件有限公司© 版权所有